The study of comets (Record no. 5414)

MARC details
000 -LEADER
fixed length control field 00652nam a2200205Ia 4500
003 - CONTROL NUMBER IDENTIFIER
control field IN-BaIIA
008 - FIXED-LENGTH DATA ELEMENTS--GENERAL INFORMATION
fixed length control field 211028s9999 xx 000 0 eng d
040 ## - CATALOGING SOURCE
Transcribing agency IIA Library
080 ## - UNIVERSAL DECIMAL CLASSIFICATION NUMBER
Universal Decimal Classification number 082.2:52
Item number IAU-C25:1
100 ## - MAIN ENTRY--PERSONAL NAME
Personal name Donn, B.
9 (RLIN) 9417
245 #4 - TITLE STATEMENT
Title The study of comets
Remainder of title pt. 1
Statement of responsibility, etc. B. Donn.. [et al.]
260 ## - PUBLICATION, DISTRIBUTION, ETC.
Place of publication, distribution, etc. Washington
Name of publisher, distributor, etc. National Aeronautics and Space Administration
Date of publication, distribution, etc. 1976
300 ## - PHYSICAL DESCRIPTION
Extent [various pagings.]
650 ## - SUBJECT ADDED ENTRY--TOPICAL TERM
Topical term or geographic name entry element Astronomy and astrophysics thesaurus
650 ## - SUBJECT ADDED ENTRY--TOPICAL TERM
Topical term or geographic name entry element Comets
9 (RLIN) 755
700 ## - ADDED ENTRY--PERSONAL NAME
Personal name A'Hearn, M.
9 (RLIN) 9418
700 ## - ADDED ENTRY--PERSONAL NAME
Personal name Jackson, W.
9 (RLIN) 9419
700 ## - ADDED ENTRY--PERSONAL NAME
Personal name Mumma, M.
9 (RLIN) 9420
942 ## - ADDED ENTRY ELEMENTS (KOHA)
Koha item type Books
Holdings
Withdrawn status Lost status Damaged status Not for loan Home library Current library Shelving location Date acquired Total Checkouts Full call number Barcode Date last seen Price effective from Koha item type
        IIA Library-Bangalore IIA Library-Bangalore General Stacks 07/03/1977   082.2:52/ IAU-C25:1 6052 05/11/2021 07/03/1977 Books

Powered by Koha